Laboratory guide in clinical blood chemistry (Record no. 18483)
[ view plain ]
| 000 -LEADER | |
|---|---|
| fixed length control field | 00624nam a22002417a 4500 |
| 003 - CONTROL NUMBER IDENTIFIER | |
| control field | AUp |
| 005 - DATE AND TIME OF LATEST TRANSACTION | |
| control field | 20140310183036.0 |
| 008 - FIXED-LENGTH DATA ELEMENTS--GENERAL INFORMATION | |
| fixed length control field | 130219t xxu||||| |||| 00| 0 eng d |
| 020 ## - INTERNATIONAL STANDARD BOOK NUMBER | |
| International Standard Book Number | 9789712350467 |
| 050 ## - LIBRARY OF CONGRESS CALL NUMBER | |
| Classification number | QR186 |
| Item number | .S941 2008 |
| 082 ## - DEWEY DECIMAL CLASSIFICATION NUMBER | |
| Classification number | FIL 616.07 |
| Item number | Su1 2008 |
| 245 ## - TITLE STATEMENT | |
| Title | Laboratory guide in clinical blood chemistry |
| Statement of responsibility, etc | Suba, Sally C. |
| 260 ## - PUBLICATION, DISTRIBUTION, ETC. (IMPRINT) | |
| Place of publication, distribution, etc | Manila |
| Name of publisher, distributor, etc | Rex |
| Date of publication, distribution, etc | c2008 |
| 300 ## - PHYSICAL DESCRIPTION | |
| Extent | ix, 191 p. : ill. |
| Dimensions | 25 cm. |
| 521 ## - TARGET AUDIENCE NOTE | |
| Target audience note | |
| 526 ## - STUDY PROGRAM INFORMATION NOTE | |
| Reading level | 1210L-1700L |
| 541 ## - IMMEDIATE SOURCE OF ACQUISITION NOTE | |
| -- | 1 |
| 541 ## - IMMEDIATE SOURCE OF ACQUISITION NOTE | |
| -- | 2 |
| 541 ## - IMMEDIATE SOURCE OF ACQUISITION NOTE | |
| -- | 3 |
| 541 ## - IMMEDIATE SOURCE OF ACQUISITION NOTE | |
| -- | 4 |
| 562 ## - COPY AND VERSION IDENTIFICATION NOTE | |
| Number of copies | 4 |
| 942 ## - ADDED ENTRY ELEMENTS (KOHA) | |
| Source of classification or shelving scheme | Library of Congress Classification |
| Koha item type | Books |
| Call number prefix | Filipininana |
| Withdrawn status | Lost status | Source of classification or shelving scheme | Damaged status | Home library | Current library | Shelving location | Date acquired | Total Checkouts | Full call number | Barcode | Date last seen | Copy number | Price effective from | Koha item type | Source of acquisition |
|---|---|---|---|---|---|---|---|---|---|---|---|---|---|---|---|
| Library of Congress Classification | Archives | Archives | 04/12/2013 | QR186 .S941 2008 | C16660 | 05/08/2018 | 2 | 04/12/2013 | Books | Donation | |||||
| Library of Congress Classification | Archives | Archives | 04/12/2013 | QR186 .S941 2008 | C12655 | 05/08/2018 | 1 | 04/12/2013 | Books | Donation | |||||
| Library of Congress Classification | College Library | College Library | Filipiniana Section | 02/19/2013 | QR186 .S941 2008 | c10203 | 05/08/2018 | 4 | 02/19/2013 | Books | |||||
| Library of Congress Classification | College Library | College Library | Filipiniana Section | 04/12/2013 | QR186 .S941 2008 | c10204 | 05/08/2018 | 3 | 04/12/2013 | Books |